[Event "European Blitz 2016"]
[Site "Tallinn EST"]
[Date "2016.12.17"]
[Round "4.16"]
[White "Antoms, Guntars"]
[Black "Alekseev, Evgeny"]
[Result "0-1"]
[WhiteTitle "IM"]
[BlackTitle "GM"]
[WhiteElo "2349"]
[BlackElo "2632"]
[WhiteFideId "11601469"]
[BlackFideId "4138147"]
[EventDate "2016.12.17"]

1. Nf3 c5 2. g3 Nc6 3. Bg2 g6 4. O-O Bg7 5. d3 d6 6. e4 e5 7. Nbd2 Nge7 8. a4
O-O 9. Nc4 h6 10. c3 Be6 11. Qe2 f5 12. Nfd2 f4 13. f3 h5 14. Nb3 g5 15. Bd2 Ng6
16. Be1 g4 17. Bf2 Rc8 18. Rad1 Qe7 19. Rd2 Bh6 20. d4 cxd4 21. cxd4 Nxd4 22.
Rxd4 exd4 23. Nbd2 fxg3 24. hxg3 h4 25. f4 hxg3 26. Bxg3 Nxf4 27. Bxf4 Bxf4 28.
e5 d5 29. Rxf4 Rxf4 30. Nd6 Rcf8 31. Nf1 Qh4 32. Qd3 0-1

[Event "European Blitz 2016"]
[Site "Tallinn EST"]
[Date "2016.12.17"]
[Round "4.17"]
[White "Movsesian, Sergei"]
[Black "Rozhko, Dmitry"]
[Result "1-0"]
[WhiteTitle "GM"]
[BlackTitle "FM"]
[WhiteElo "2673"]
[BlackElo "2324"]
[WhiteFideId "310204"]
[BlackFideId "4150430"]
[EventDate "2016.12.17"]

1. Nf3 d5 2. g3 Nf6 3. Bg2 g6 4. O-O Bg7 5. d3 O-O 6. Nbd2 a5 7. e4 dxe4 8. dxe4
Nfd7 9. Qe2 b6 10. Rd1 Ba6 11. Qe1 Qc8 12. e5 e6 13. Ne4 Bb7 14. Bf4 Na6 15. h4
Nac5 16. Nc3 a4 17. h5 Bc6 18. Qe3 Qb7 19. b4 axb3 20. axb3 Rxa1 21. Rxa1 Ra8
22. Rd1 Nf8 23. h6 Bh8 24. b4 Na4 25. Ne2 Bd5 26. c4 Bxc4 27. Ng5 Bd5 28. Bxd5
exd5 29. Qf3 Ne6 30. Nd4 Nxg5 31. Bxg5 Bxe5 32. Bf6 Bd6 33. Nf5 Bxb4 34. Rb1 Bc5
35. Bd4 Bf8 36. Ne3 c6 37. Qf6 1-0

[Event "European Blitz 2016"]
[Site "Tallinn EST"]
[Date "2016.12.17"]
[Round "4.18"]
[White "Nestor, Kaarel"]
[Black "Ponkratov, Pavel"]
[Result "0-1"]
[BlackTitle "GM"]
[WhiteElo "2114"]
[BlackElo "2607"]
[WhiteFideId "4502345"]
[BlackFideId "4157800"]
[EventDate "2016.12.17"]

1. d4 Nf6 2. Nf3 c5 3. c4 cxd4 4. Nxd4 Nc6 5. Nc3 e6 6. e3 Bb4 7. Bd2 O-O 8. Bd3
e5 9. Nc2 Bxc3 10. Bxc3 d5 11. cxd5 Nxd5 12. Be4 Be6 13. Bxd5 Bxd5 14. O-O a5
15. Qg4 Be6 16. Qg3 Bf5 17. Rfd1 Qe7 18. Ne1 Rac8 19. Nf3 f6 20. Nh4 Be6 21. f4
exf4 22. exf4 b5 23. f5 Bf7 24. Re1 Qc7 25. Qg4 Bd5 26. Rad1 Bxa2 27. Ra1 Bb3
28. Re3 Qb6 29. Re1 Rce8 30. Bd2 Ne5 31. Qg3 Nc4 32. Bxa5 Rxe3 33. Bxb6 Rxg3 34.
hxg3 Nxb6 35. Re7 Nd5 36. Rb7 Bc4 37. g4 Ne3 38. Nf3 Nxg4 39. Nd4 Re8 40. g3
Re1+ 0-1

[Event "European Blitz 2016"]
[Site "Tallinn EST"]
[Date "2016.12.17"]
[Round "4.19"]
[White "Munoz, Miguel"]
[Black "Wege, Jochen"]
[Result "1-0"]
[WhiteTitle "GM"]
[BlackTitle "FM"]
[WhiteElo "2473"]
[BlackElo "2295"]
[WhiteFideId "3800229"]
[BlackFideId "4620488"]
[EventDate "2016.12.17"]

1. e4 e6 2. d4 d5 3. Nd2 Nf6 4. Bd3 c5 5. dxc5 Nc6 6. Ngf3 Bxc5 7. Qe2 Nd4 8.
Nxd4 Bxd4 9. O-O Bb6 10. b3 dxe4 11. Nxe4 Nxe4 12. Bxe4 Qf6 13. Ba3 h5 14. Rad1
h4 15. Qb5+ 1-0

[Event "European Blitz 2016"]
[Site "Tallinn EST"]
[Date "2016.12.17"]
[Round "4.20"]
[White "Valner, Uku"]
[Black "Kozul, Zdenko"]
[Result "0-1"]
[BlackTitle "GM"]
[WhiteElo "2212"]
[BlackElo "2613"]
[WhiteFideId "4502205"]
[BlackFideId "14502879"]
[EventDate "2016.12.17"]

1. e4 c5 2. Nc3 e6 3. g3 a6 4. Bg2 b5 5. d3 Bb7 6. f4 d6 7. Nf3 Nd7 8. O-O Be7
9. Qe2 Ngf6 10. h3 O-O 11. Bd2 b4 12. Nd1 a5 13. Ne3 Qc7 14. f5 Nb6 15. g4 Nfd7
16. Be1 Ne5 17. Nxe5 dxe5 18. Bg3 Bg5 19. Qf2 c4 20. h4 Bxe3 21. Qxe3 cxd3 22.
cxd3 exf5 23. Rxf5 Rae8 24. Rc1 Qd6 25. Qc5 Qxd3 26. Bxe5 Na4 27. Qd4 Qxd4+ 28.
Bxd4 Bxe4 29. Rxa5 Bxg2 30. Kxg2 Nxb2 31. Rc7 Nd3 32. Kf3 Rd8 33. Be3 Ne5+ 34.
Rxe5 Ra8 35. Rc2 Ra3 36. Kf4 Rfa8 37. Re7 R3a4 38. Kf3 Ra3 39. Rcc7 Rf8 40. Rb7
Rxa2 41. Rxb4 h6 42. Rbb7 Ra6 43. Bc5 Rg6 44. Rec7 Rf6+ 45. Kg3 Rd8 46. Rb3 Rd5
47. Rf3 Rxf3+ 48. Kxf3 g5 49. h5 f5 50. Be3 fxg4+ 51. Kxg4 Re5 52. Bf2 Re4+ 53.
Kf3 Rf4+ 54. Ke3 Rg4 55. Rc6 Kh7 56. Rc7+ Kg8 57. Kf3 Rf4+ 58. Ke2 Rg4 59. Rc3
Rg2 60. Rh3 Rg4 61. Kf3 Ra4 62. Be3 g4+ 63. Kg3 gxh3 64. Bxh6 Rh4 65. Kh2 Rxh5
66. Bf4 Kf7 67. Bd6 Ke6 68. Bc7 Kf5 69. Bd6 Kg4 70. Kh1 Kf3 71. Bc5 Rxc5 0-1

[Event "European Blitz 2016"]
[Site "Tallinn EST"]
[Date "2016.12.17"]
[Round "4.21"]
[White "Vallejo Pons, Francisco"]
[Black "Montilla Carrillo, Esteban"]
[Result "1-0"]
[WhiteTitle "GM"]
[BlackTitle "FM"]
[WhiteElo "2711"]
[BlackElo "2177"]
[WhiteFideId "2205530"]
[BlackFideId "2208261"]
[EventDate "2016.12.17"]

1. d4 Nf6 2. c4 e6 3. g3 d5 4. Bg2 Be7 5. Nf3 O-O 6. Qc2 b6 7. O-O Bb7 8. cxd5
exd5 9. Nc3 Nbd7 10. Rd1 Rc8 11. Bf4 a6 12. Bh3 Re8 13. Ne5 Ra8 14. Rac1 h6 15.
Na4 c5 16. Nxd7 Nxd7 17. Bxd7 Qxd7 18. Nxb6 Qe6 19. Nxa8 Bxa8 20. dxc5 Bc6 21.
Qd3 a5 22. Be3 a4 23. Bd4 h5 24. Qf3 h4 25. Rc3 Bg5 26. b4 axb3 27. Rxb3 Qxe2
28. Qxe2 Rxe2 29. gxh4 Bxh4 30. Rb6 Ba4 31. Rd3 Bc2 32. Rb8+ Kh7 33. Rh3 g5 34.
Rxh4+ gxh4 35. Rh8+ Kg6 36. Rxh4 Be4 37. h3 Re1+ 38. Kh2 Rh1+ 39. Kg3 Rg1+ 40.
Kf4 Rb1 41. Rg4+ Kh5 42. Rg8 Rb4 43. Ke3 Ra4 44. c6 Ra3+ 45. Kf4 Ra7 46. Bxa7 1-0

[Event "European Blitz 2016"]
[Site "Tallinn EST"]
[Date "2016.12.17"]
[Round "4.22"]
[White "Maisuradze, Nino"]
[Black "Cvitan, Ognjen"]
[Result "0-1"]
[WhiteTitle "WGM"]
[BlackTitle "GM"]
[WhiteElo "2231"]
[BlackElo "2491"]
[WhiteFideId "13601717"]
[BlackFideId "14500086"]
[EventDate "2016.12.17"]

1. d4 Nf6 2. c4 e6 3. Nc3 Bb4 4. e3 O-O 5. Ne2 d5 6. a3 Be7 7. cxd5 exd5 8. Nf4
Re8 9. Bd3 c6 10. O-O Nbd7 11. f3 Nf8 12. b4 Ne6 13. Nce2 a5 14. Rb1 axb4 15.
axb4 b6 16. Nxe6 Bxe6 17. e4 dxe4 18. fxe4 Bg4 19. Be3 Bh5 20. Kh1 Bg6 21. Ng3
Ra3 22. b5 c5 23. d5 Nxd5 24. Bc1 Nc3 25. Qg4 Qxd3 26. Bxa3 Nxb1 27. Bb2 Nd2 28.
Rd1 Nxe4 29. Nxe4 Qxe4 30. Qd7 Bf8 31. h3 Qe2 32. Rd2 Qe6 33. Qc6 Qxc6 34. bxc6
Rc8 35. Be5 Rxc6 36. Rd8 f6 37. Bc3 b5 38. Kg1 b4 39. Bb2 c4 40. Rb8 c3 41. Bc1
Bf7 42. Kf2 b3 43. g4 b2 44. Bxb2 cxb2 45. Rxb2 h5 46. gxh5 Bxh5 47. h4 Bf7 48.
h5 Bxh5 49. Kg3 Bf7 50. Kg4 g6 51. Kf3 Kg7 52. Kg4 Rc4+ 53. Kg3 Bd6+ 54. Kf3 Be5
55. Rb5 g5 56. Kg2 Kg6 57. Kf2 Be6 58. Kg2 Bf5 59. Kf2 Be4 60. Kf1 Kf5 61. Kg1
g4 62. Kf1 Rc2 63. Kg1 g3 64. Kf1 Bd3+ 65. Kg1 Bxb5 0-1

[Event "European Blitz 2016"]
[Site "Tallinn EST"]
[Date "2016.12.17"]
[Round "4.23"]
[White "Naiditsch, Arkadij"]
[Black "Szakolczai, Peter"]
[Result "1-0"]
[WhiteTitle "GM"]
[BlackTitle "FM"]
[WhiteElo "2687"]
[BlackElo "2240"]
[WhiteFideId "4650891"]
[BlackFideId "705624"]
[EventDate "2016.12.17"]

1. e4 c5 2. Nf3 e6 3. d4 cxd4 4. Nxd4 Nf6 5. Nc3 Qb6 6. Nb3 Bb4 7. Bd3 d6 8. O-O
Bxc3 9. bxc3 e5 10. Kh1 Nbd7 11. Ba3 O-O 12. Nd2 Qc6 13. Nc4 Nc5 14. f3 b6 15.
Ne3 Bb7 16. Qe1 Rfe8 17. Rd1 Rad8 18. Nf5 Nxd3 19. cxd3 Re6 20. c4 Nh5 21. Qh4
Nf6 22. f4 Qc7 23. Rf3 Ne8 24. Rh3 h6 25. Bc1 b5 26. Rg3 Kf8 27. Nxg7 Nxg7 28.
f5 Nxf5 29. exf5 Re7 30. Bg5 bxc4 31. Bxe7+ Qxe7 32. Rg8+ 1-0

[Event "European Blitz 2016"]
[Site "Tallinn EST"]
[Date "2016.12.17"]
[Round "4.24"]
[White "Kobalia, Mikhail"]
[Black "Kanep, Siim"]
[Result "1-0"]
[WhiteTitle "GM"]
[WhiteElo "2628"]
[BlackElo "2173"]
[WhiteFideId "4119150"]
[BlackFideId "4501691"]
[EventDate "2016.12.17"]

1. e4 c5 2. Nf3 d6 3. Bb5+ Nd7 4. O-O Nf6 5. Re1 a6 6. Bf1 e5 7. c3 Be7 8. d4
cxd4 9. cxd4 O-O 10. Nc3 b5 11. h3 Bb7 12. a3 Rc8 13. d5 Re8 14. Bd2 Bf8 15. b4
Nb6 16. a4 bxa4 17. Nxa4 Nc4 18. Bg5 Be7 19. Qb3 Nb6 20. Nxb6 Qxb6 21. Be3 Qd8
22. Nd2 Ra8 23. Nc4 Nd7 24. Na5 Qc7 25. Rec1 Qb8 26. Nc6 Bxc6 27. dxc6 Nf6 28.
Bc4 Rf8 29. Bd5 Bd8 30. Rxa6 Rxa6 31. b5 Rb6 32. Rb1 Nxd5 33. exd5 f5 34. f3 f4
35. Bf2 Bc7 36. Qa4 Qa8 37. Qc2 Qa5 38. Bxb6 Bxb6+ 39. Kh2 Bc7 40. Qb3 Qb6 41.
Ra1 Rb8 42. Qd3 Qc5 43. Qf5 Qxd5 44. Ra7 Bd8 1-0

[Event "European Blitz 2016"]
[Site "Tallinn EST"]
[Date "2016.12.17"]
[Round "4.25"]
[White "Pultinevicius, Paulius"]
[Black "Pavlidis, Antonios"]
[Result "0-1"]
[BlackTitle "GM"]
[WhiteElo "2417"]
[BlackElo "2532"]
[WhiteFideId "12809390"]
[BlackFideId "4212312"]
[EventDate "2016.12.17"]

1. Nf3 Nf6 2. g3 g6 3. Bg2 Bg7 4. O-O O-O 5. c4 d6 6. d4 Nc6 7. Nc3 e5 8. e3 Bf5
9. h3 Ne4 10. Nd5 Nf6 11. Nc3 Qc8 12. g4 Bd7 13. d5 Nb8 14. e4 h5 15. g5 Nh7 16.
Kh2 a5 17. Be3 f5 18. gxf6 Rxf6 19. Ng5 Na6 20. Nxh7 Kxh7 21. f4 exf4 22. Bd4
Rf7 23. Bxg7 Kxg7 24. Qd4+ Kh7 25. Rae1 Qh8 26. Qd2 Qe5 27. Kh1 Nc5 28. Rf3 Re8
29. Qf2 g5 30. Rf1 Ref8 31. Rg1 Kh8 32. Qe1 g4 33. hxg4 hxg4 34. Rff1 0-1

[Event "European Blitz 2016"]
[Site "Tallinn EST"]
[Date "2016.12.17"]
[Round "4.26"]
[White "Dzhumagaliev, Yan"]
[Black "Fernandez Gil, Marco Antonio"]
[Result "1-0"]
[WhiteTitle "FM"]
[WhiteElo "2400"]
[BlackElo "2215"]
[WhiteFideId "24100110"]
[BlackFideId "2252090"]
[EventDate "2016.12.17"]

1. d4 Nf6 2. c4 Nc6 3. d5 Ne5 4. e3 e6 5. a3 a5 6. Nc3 Bc5 7. Nf3 Nxf3+ 8. gxf3
d6 9. f4 O-O 10. Rg1 c6 11. b3 exd5 12. cxd5 cxd5 13. Nxd5 Nxd5 14. Qxd5 Qf6 15.
Ra2 Be6 16. Qd3 Bf5 17. Qd2 d5 18. Bd3 Rfe8 19. Bxf5 Qxf5 20. Qc2 Qxc2 21. Rxc2
Rac8 22. Bb2 g6 23. Kd2 d4 24. exd4 Bd6 25. Rxc8 Bxf4+ 26. Kd3 Rxc8 27. h3 f5
28. Re1 Kf7 29. Bc3 b6 30. b4 axb4 31. Bxb4 Rc7 32. Rb1 Rd7 33. Bc3 Bc7 34. Kc4
Re7 35. Rb2 Rd7 36. Kb5 Ke6 37. Kc6 Rf7 38. Re2+ Kf6 39. d5+ Kg5 40. d6 Bxd6 41.
Kxd6 Ra7 42. Bb4 Kh4 43. Re3 Ra8 44. Kc7 b5 45. Kb7 Rd8 46. Be7+ 1-0

[Event "European Blitz 2016"]
[Site "Tallinn EST"]
[Date "2016.12.17"]
[Round "4.27"]
[White "Kahleys, Kevin"]
[Black "Zakhartsov, Vladimir"]
[Result "0-1"]
[BlackTitle "IM"]
[WhiteElo "2213"]
[BlackElo "2453"]
[WhiteFideId "24669601"]
[BlackFideId "4145097"]
[EventDate "2016.12.17"]

1. d4 Nf6 2. Nf3 g6 3. g3 Bg7 4. Bg2 O-O 5. O-O d6 6. c4 c6 7. Nc3 Nbd7 8. h3 e5
9. e4 a6 10. Be3 b5 11. cxb5 axb5 12. a3 Ba6 13. Re1 Qc7 14. Qd2 exd4 15. Nxd4
Ne5 16. Qc2 Rab8 17. Nd5 Nxd5 18. exd5 c5 19. Nf3 Nc4 20. Rab1 b4 21. axb4 Rxb4
22. Bc1 Rfb8 23. b3 Nb6 24. Bd2 Rb5 25. Qe4 Bb7 26. Qe7 Qxe7 27. Rxe7 Nxd5 28.
Rd7 Bf8 29. Ng5 Ne7 30. Bf1 Rb6 31. Bf4 h6 32. Nxf7 Kxf7 33. Bxd6 Bc8 34. Rd8
Bf5 35. Bc4+ Kg7 36. Bxb8 Rxb8 37. Rxb8 Bxb1 38. Rb7 Be4 39. Rc7 Kf6 40. Rxc5
Nf5 41. Rb5 Nd4 42. Rb6+ Kg7 43. Ra6 Nf3+ 44. Kf1 Nd2+ 45. Ke1 Bb4 46. Ra7+ Kf6
47. Kd1 Nf3 48. Ra6+ Ke5 49. Be2 Nd4 50. f4+ Kd5 51. Bc4+ Kc5 52. Rf6 Bf3+ 53.
Kc1 Be4 54. g4 Ba3+ 55. Kd1 Kb4 56. Rd6 Kc3 57. Ra6 Bb4 58. h4 Kb2 59. Ra2+ Kxa2
60. Kc1 Ka3 61. g5 h5 62. f5 Bxf5 63. Bf7 Nxb3+ 64. Kd1 Nd4 65. Kc1 Bd6 66. Kd2
Nf3+ 67. Ke3 Nxh4 68. Kd4 Nf3+ 69. Kd5 Be7 70. Kc4 Ne5+ 71. Kd5 Nxf7 72. Kd4 h4
73. Ke3 h3 74. Kf2 Bd6 75. Kg1 h2+ 76. Kf2 h1=Q 77. Ke3 Qe4+ 78. Kf2 Bc5+ 79.
Kg3 Qg4+ 80. Kh2 Qh3# 0-1

[Event "European Blitz 2016"]
[Site "Tallinn EST"]
[Date "2016.12.17"]
[Round "4.28"]
[White "Fridman, Daniel"]
[Black "Malyshev, Roman"]
[Result "1-0"]
[WhiteTitle "GM"]
[WhiteElo "2596"]
[BlackElo "2159"]
[WhiteFideId "11600454"]
[BlackFideId "24105325"]
[EventDate "2016.12.17"]

1. Nf3 d5 2. c4 c6 3. g3 Nf6 4. Bg2 g6 5. b3 Bg7 6. Bb2 O-O 7. O-O a5 8. d4 a4
9. e3 Bf5 10. Nc3 a3 11. Bc1 Ne4 12. Bd2 Nxd2 13. Qxd2 Nd7 14. cxd5 cxd5 15.
Nxd5 e5 16. Rac1 Bg4 17. Nxe5 Nxe5 18. dxe5 Bxe5 19. Qb4 Bb2 20. Qxg4 Bxc1 21.
Rxc1 Ra6 22. Qd4 Rd6 23. Rc8 1-0

[Event "European Blitz 2016"]
[Site "Tallinn EST"]
[Date "2016.12.17"]
[Round "4.29"]
[White "Berzina, Ilze"]
[Black "Turov, Maxim"]
[Result "0-1"]
[WhiteTitle "WGM"]
[BlackTitle "GM"]
[WhiteElo "2323"]
[BlackElo "2594"]
[WhiteFideId "11601345"]
[BlackFideId "4120086"]
[EventDate "2016.12.17"]

1. e4 c5 2. Nf3 a6 3. c4 d6 4. Nc3 Bg4 5. Be2 Nc6 6. O-O g6 7. b3 Bg7 8. Bb2
Bxf3 9. Bxf3 Nf6 10. Ne2 O-O 11. d4 Nd7 12. Rb1 cxd4 13. Nxd4 Nxd4 14. Bxd4 Qa5
15. Bxg7 Kxg7 16. Qd4+ Qe5 17. Qxe5+ Nxe5 18. Be2 a5 19. Rbc1 b6 20. f4 Nc6 21.
Bf3 Nd4 22. e5 Rad8 23. exd6 Rxd6 24. Kf2 Ne6 25. g3 Nc5 26. Rcd1 Nd3+ 27. Ke3
Rfd8 28. Be4 Nc5 29. Rxd6 Rxd6 30. Bc2 Kf6 31. Rd1 Rxd1 32. Bxd1 e5 33. fxe5+
Kxe5 34. Bf3 f5 35. Bd5 g5 36. Bf7 h6 37. Bd5 b5 38. Bg8 b4 39. Bd5 f4+ 40.
gxf4+ gxf4+ 41. Kd2 Kd4 42. Bf3 a4 43. bxa4 Nxa4 44. Be2 Nc3 45. c5 Kxc5 46. Bf3
Nxa2 47. Bd1 Nc3 48. Bb3 Kd4 49. Be6 f3 50. Ke1 Ke3 51. Bc4 Ne4 0-1

[Event "European Blitz 2016"]
[Site "Tallinn EST"]
[Date "2016.12.17"]
[Round "4.30"]
[White "Jankovic, Alojzije"]
[Black "Petrov, Dmitri"]
[Result "1-0"]
[WhiteTitle "GM"]
[WhiteElo "2591"]
[BlackElo "2204"]
[WhiteFideId "14505959"]
[BlackFideId "4503279"]
[EventDate "2016.12.17"]

1. d4 d5 2. c4 c6 3. Nc3 Nf6 4. e3 a6 5. Bd3 b5 6. c5 e5 7. dxe5 Ng4 8. Nf3 Bxc5
9. h3 Nh6 10. e4 Be6 11. exd5 cxd5 12. Bxh6 gxh6 13. O-O Rg8 14. Kh2 Rg7 15. Qd2
Nd7 16. Qxh6 Bf8 17. Qf4 Nc5 18. Rad1 Qb6 19. Bc2 O-O-O 20. b4 Nd7 21. Nxd5 Qb8
22. Be4 Bxd5 23. Bxd5 Nb6 24. Rc1+ Kd7 25. Bc6+ 1-0

[Event "European Blitz 2016"]
[Site "Tallinn EST"]
[Date "2016.12.17"]
[Round "4.31"]
[White "Grandelius, Nils"]
[Black "Molchanova, Tatjana"]
[Result "1-0"]
[WhiteTitle "GM"]
[BlackTitle "WGM"]
[WhiteElo "2643"]
[BlackElo "2245"]
[WhiteFideId "1710400"]
[BlackFideId "4132203"]
[EventDate "2016.12.17"]

1. Nc3 d5 2. d4 Nf6 3. Bf4 c6 4. e3 Bf5 5. f3 h6 6. g4 Bg6 7. h4 Nbd7 8. Nh3 e6
9. Bg3 Bh7 10. Qd2 Bb4 11. a3 Ba5 12. Nf4 Qe7 13. g5 Ng8 14. O-O-O O-O-O 15. Kb1
Bc7 16. Bh3 hxg5 17. hxg5 Qxg5 18. Qh2 Bf5 19. Rdg1 Qe7 20. Qg2 Bxh3 21. Nxh3
Bxg3 22. Qxg3 g6 23. Nf4 Rxh1 24. Rxh1 Ngf6 25. Qg5 e5 26. Nd3 exd4 27. exd4 Qe6
28. Nf4 Qd6 29. Nd3 Qe6 30. Re1 Qd6 31. Ne5 Rf8 32. Ka2 Nb6 33. Qh6 Nc4 34. Qf4
b5 35. Qg3 b4 36. axb4 Qxb4 37. Nd3 Qa5+ 38. Kb1 Nd2+ 39. Kc1 Nc4 40. Re7 Nd7
41. Qh3 Rd8 42. Rxf7 Qa1+ 43. Nb1 a5 44. Qe6 Qa4 45. Rg7 g5 46. Rxd7 Rxd7 47.
Qxd7+ Kxd7 48. Nc5+ 1-0

[Event "European Blitz 2016"]
[Site "Tallinn EST"]
[Date "2016.12.17"]
[Round "4.32"]
[White "Varvadoukas, Theodoros"]
[Black "Anton Guijarro, David"]
[Result "1-0"]
[BlackTitle "GM"]
[WhiteElo "2178"]
[BlackElo "2650"]
[WhiteFideId "4210735"]
[BlackFideId "2285525"]
[EventDate "2016.12.17"]

1. e4 e5 2. Nf3 Nc6 3. Bc4 Bc5 4. d3 Nf6 5. O-O d6 6. h3 a6 7. c3 O-O 8. b4 Ba7
9. Qe2 Ne7 10. Be3 Ng6 11. Nbd2 h6 12. a4 Nh7 13. Kh2 Qf6 14. g3 Bd7 15. Ng1 c6
16. Bxa7 Rxa7 17. Qe3 Raa8 18. f4 exf4 19. gxf4 d5 20. e5 Qh4 21. Bb3 Rae8 22.
d4 Ne7 23. Ndf3 Nf5 24. Nxh4 Nxe3 25. Rf3 Nf5 26. Nxf5 Bxf5 27. Ne2 Bc8 28. f5
Nf6 29. Ng3 Nd7 30. Rg1 Kh7 31. Bc2 f6 32. e6 Nb6 33. Nh5 Re7 34. a5 Nc4 35.
Rfg3 Bxe6 36. Rxg7+ Rxg7 37. Rxg7+ Kh8 38. fxe6 Ne3 39. Bg6 1-0

[Event "European Blitz 2016"]
[Site "Tallinn EST"]
[Date "2016.12.17"]
[Round "5.2"]
[White "Luch, Michal"]
[Black "Bortnyk, Olexandr"]
[Result "0-1"]
[WhiteTitle "IM"]
[BlackTitle "GM"]
[WhiteElo "2433"]
[BlackElo "2581"]
[WhiteFideId "1120042"]
[BlackFideId "14120828"]
[EventDate "2016.12.17"]

1. d4 d6 2. e4 Nf6 3. Nc3 Nbd7 4. Nf3 e5 5. Bc4 Be7 6. O-O O-O 7. Re1 a6 8. a4
b6 9. b3 Bb7 10. Bb2 c6 11. d5 Nc5 12. dxc6 Bxc6 13. Nd2 Qd7 14. f3 b5 15. axb5
axb5 16. Bf1 b4 17. Ne2 Rxa1 18. Bxa1 Ra8 19. Nc4 Ncxe4 20. fxe4 Qa7+ 21. Kh1
Nxe4 22. Bd4 exd4 23. Qxd4 Bh4 24. Qxa7 Rxa7 25. Rc1 Bf2 26. Nf4 Bd4 27. Nd3 d5
28. Nce5 Bb5 29. Nf3 Bc3 30. g3 f6 31. Kg2 Ra2 32. Be2 Bd7 33. Nf4 Bc6 34. Bd3
Nc5 35. Ne2 Nxd3 0-1

[Event "European Blitz 2016"]
[Site "Tallinn EST"]
[Date "2016.12.17"]
[Round "5.3"]
[White "Onischuk, Vladimir"]
[Black "Sarana, Alexey"]
[Result "1-0"]
[WhiteTitle "GM"]
[BlackTitle "IM"]
[WhiteElo "2601"]
[BlackElo "2457"]
[WhiteFideId "14114038"]
[BlackFideId "24133795"]
[EventDate "2016.12.17"]

1. e4 e5 2. Nf3 Nc6 3. Bb5 Bc5 4. c3 Nf6 5. d3 O-O 6. O-O d6 7. Nbd2 Ne7 8. d4
exd4 9. cxd4 Bb6 10. Re1 Ng6 11. a3 c6 12. Bf1 Re8 13. h3 Be6 14. b3 d5 15. e5
Nd7 16. b4 f6 17. exf6 Nxf6 18. Bb2 Bf5 19. Nb3 Bc7 20. Nc5 b6 21. Nd3 Ne4 22.
Rc1 Qf6 23. Nde5 c5 24. Qb3 Nxe5 25. dxe5 Qf7 26. Red1 Be6 27. Qe3 Rf8 28. Rc2
Qf4 29. Qxf4 Rxf4 30. Bb5 Rd8 31. Bc6 d4 32. Bc1 Bb3 33. Bxf4 Bxc2 34. Rc1 d3
35. Bxe4 d2 36. Nxd2 Rxd2 37. Bxc2 1-0

[Event "European Blitz 2016"]
[Site "Tallinn EST"]
[Date "2016.12.17"]
[Round "5.4"]
[White "Miezis, Normunds"]
[Black "Andriasian, Zaven"]
[Result "0-1"]
[WhiteTitle "GM"]
[BlackTitle "GM"]
[WhiteElo "2509"]
[BlackElo "2621"]
[WhiteFideId "11600136"]
[BlackFideId "13302000"]
[EventDate "2016.12.17"]

1. c4 e5 2. Nc3 Nc6 3. g3 Bb4 4. Bg2 Bxc3 5. dxc3 Nf6 6. e4 d6 7. Qe2 O-O 8. Nf3
h6 9. O-O Be6 10. Rd1 Qc8 11. Nd2 Bh3 12. Bh1 Nh7 13. Nf1 Bg4 14. f3 Be6 15. Bg2
Ne7 16. Ne3 f5 17. exf5 Nxf5 18. Nxf5 Bxf5 19. c5 Qe6 20. cxd6 cxd6 21. Be3 Nf6
22. Rd2 a6 23. Rad1 d5 24. Re1 Rfe8 25. Bf2 Rad8 26. g4 Bg6 27. h3 h5 28. c4
dxc4 29. Rxd8 Rxd8 30. Qxe5 Qxe5 31. Rxe5 Rd2 32. f4 hxg4 33. f5 Bf7 34. hxg4
Nxg4 0-1

[Event "European Blitz 2016"]
[Site "Tallinn EST"]
[Date "2016.12.17"]
[Round "5.5"]
[White "Andreikin, Dmitry"]
[Black "Karttunen, Mika"]
[Result "1-0"]
[WhiteTitle "GM"]
[BlackTitle "IM"]
[WhiteElo "2737"]
[BlackElo "2455"]
[WhiteFideId "4158814"]
[BlackFideId "502081"]
[EventDate "2016.12.17"]

1. d4 Nf6 2. c4 c5 3. Nf3 g6 4. Nc3 cxd4 5. Nxd4 Bg7 6. e4 d6 7. Be2 O-O 8. O-O
Nc6 9. Be3 Bd7 10. Qd2 Nxd4 11. Bxd4 Bc6 12. f3 Nd7 13. Be3 Re8 14. b4 b6 15. a3
Nf6 16. Rac1 Qd7 17. Rfd1 Rac8 18. Kh1 Qb7 19. Bd4 Nh5 20. Be3 Nf6 21. Bf1 Bd7
22. Bd4 Nh5 23. Bxg7 Nxg7 24. e5 Be6 25. exd6 exd6 26. Ne4 Qe7 27. Nxd6 Rcd8 28.
c5 bxc5 29. bxc5 Nf5 30. Qf4 Nxd6 31. cxd6 Qb7 32. h4 h5 33. a4 Qb6 34. Bb5 Rf8
35. Kh2 Qa5 36. Bd3 Qb6 37. Be4 Rd7 38. Bc6 Rdd8 39. d7 Qb8 40. Kg3 Kg7 41. Rb1
Qxf4+ 42. Kxf4 Kf6 43. Rb7 Rb8 44. Rxb8 1-0

[Event "European Blitz 2016"]
[Site "Tallinn EST"]
[Date "2016.12.17"]
[Round "5.6"]
[White "Leko, Peter"]
[Black "Ladva, Ottomar"]
[Result "1/2-1/2"]
[WhiteTitle "GM"]
[BlackTitle "GM"]
[WhiteElo "2693"]
[BlackElo "2510"]
[WhiteFideId "703303"]
[BlackFideId "4500024"]
[EventDate "2016.12.17"]

1. e4 c5 2. Nf3 e6 3. d4 cxd4 4. Nxd4 Nc6 5. Nc3 Qc7 6. Be3 a6 7. Qf3 Bd6 8.
O-O-O Be5 9. g3 Nge7 10. Qe2 O-O 11. f4 Bxd4 12. Bxd4 Nxd4 13. Rxd4 b5 14. e5
Bb7 15. Bg2 Bxg2 16. Qxg2 Nf5 17. Rd3 d5 18. g4 Ne7 19. Ne2 Rac8 20. Nd4 Qa5 21.
Kb1 Nc6 22. Rhd1 Nxd4 23. Rxd4 Rc4 24. Rxc4 bxc4 25. c3 Rb8 26. Ka1 Qc5 27. Qe2
a5 28. h4 a4 29. a3 Qe7 30. Qf2 Qb7 31. f5 Qb6 32. Rd4 Qc5 33. f6 g6 34. Qd2 Rb3
35. h5 Qf8 36. Ka2 Rb7 37. Qf4 Kh8 38. Rd2 Qg8 39. hxg6 fxg6 40. g5 Qf7 41. Qd4
Kg8 42. Qc5 Qc7 43. Qd4 Qb6 44. Qf4 Qb3+ 45. Ka1 Qb6 46. Qg3 Rf7 47. Rh2 Qc5 48.
Qf4 Qb6 49. Qd2 Qg1+ 50. Ka2 Qb6 51. Rg2 Qb3+ 52. Ka1 Qb6 53. Rg4 Qc5 54. Rd4
Qb6 55. Qh2 Rb7 56. Rd2 Qe3 57. Re2 Qc1+ 58. Ka2 Qd1 59. Rd2 Qb3+ 60. Ka1 Qb6
61. Qh3 Qg1+ 62. Ka2 Qb6 63. Rh2 Qb3+ 64. Ka1 Qd1+ 65. Ka2 Qb3+ 1/2-1/2